Call Centers (Registro nro. 3547)
[ vista simple ]
| 000 -CABECERA | |
|---|---|
| campo de control de longitud fija | 01190nam a22004097a 4500 |
| 005 - FECHA Y HORA DE ACTUALIZACIÓN | |
| campo de control | 20221020130934.0 |
| 008 - LONGITUD FIJA | |
| campo de control de longitud fija | 150302b xxu||||| |||| 00| 0 ES d |
| 041 ## - IDIOMA | |
| Código de idioma del texto/pista de sonido o título separado | |
| 082 ## - CLASIFICACIÓN DECIMAL DEWEY | |
| Número de clasificación | 428.3 E242ca |
| 100 ## - AUTOR PERSONAL | |
| Nombre de persona | Evans, Virginia |
| 245 ## - TÍTULO PROPIAMENTE DICHO | |
| Título | Call Centers |
| 260 ## - PIE DE IMPRENTA | |
| Lugar de publicación, distribución, etc. | Estados Unidos |
| Nombre del editor, distribuidor, etc. | Express Publishing |
| Fecha de publicación, distribución, etc. | 2013 |
| 505 ## - Nota de Contenido | |
| Nota de contenido | Contiene disco compacto N° 695 |
| 650 ## - Materia General | |
| Materia general | INGLÉS - ENSEÑANZA |
| 650 ## - Materia General | |
| Materia general | CALL CENTERS |
| 650 ## - Materia General | |
| Materia general | COMUNICACIÓN TELEFÓNICA |
| 650 ## - Materia General | |
| Materia general | TIPOS DE LLAMADAS |
| 650 ## - Materia General | |
| Materia general | VENTAS |
| 650 ## - Materia General | |
| Materia general | CALL CENTER LAYOUT |
| 650 ## - Materia General | |
| Materia general | TOOLS |
| 650 ## - Materia General | |
| Materia general | EQUIPMENT |
| 650 ## - Materia General | |
| Materia general | WORK HOURS |
| 650 ## - Materia General | |
| Materia general | QUALITIES |
| 650 ## - Materia General | |
| Materia general | SKILLS |
| 650 ## - Materia General | |
| Materia general | PHONE COMMUNICATION |
| 650 ## - Materia General | |
| Materia general | LEAVING MESSAGES |
| 650 ## - Materia General | |
| Materia general | TRANSFERS |
| 650 ## - Materia General | |
| Materia general | TAKING PAYMENTS |
| 650 ## - Materia General | |
| Materia general | CALL TYPES |
| 650 ## - Materia General | |
| Materia general | ANSWERING SERVICES |
| 650 ## - Materia General | |
| Materia general | TRAINING |
| 650 ## - Materia General | |
| Materia general | INBOUND CALLS |
| 650 ## - Materia General | |
| Materia general | OUTBOUND CALLS |
| 650 ## - Materia General | |
| Materia general | SCHEDULING |
| 650 ## - Materia General | |
| Materia general | MANAGING STRESS |
| 942 ## - Punto de Acceso Adicional Koha | |
| Tipo de ítem Koha | Libro |
| Estado perdido | Estado dañado | No para préstamo | Biblioteca permanente | Biblioteca actual | Signatura completa | Código de barras | Precio efectivo a partir del | Tipo de ítem | Programa Académico |
|---|---|---|---|---|---|---|---|---|---|
| Departamento de Biblioteca y Documentación Alfonso Chase Brenes | Departamento de Biblioteca y Documentación Alfonso Chase Brenes | 428.3 E242ca | 19505 | 08/02/2016 | Libro | ||||
| Departamento de Biblioteca y Documentación Alfonso Chase Brenes | Departamento de Biblioteca y Documentación Alfonso Chase Brenes | 428.3 E242ca | 19506 | 08/02/2016 | Libro | ||||
| Departamento de Biblioteca y Documentación Alfonso Chase Brenes | Departamento de Biblioteca y Documentación Alfonso Chase Brenes | 428.3 E242ca | 19507 | 08/02/2016 | Libro | ||||
| Departamento de Biblioteca y Documentación Alfonso Chase Brenes | Departamento de Biblioteca y Documentación Alfonso Chase Brenes | 428.3 E242ca | 19011 | 08/02/2016 | Libro | ||||
| Departamento de Biblioteca y Documentación Alfonso Chase Brenes | Departamento de Biblioteca y Documentación Alfonso Chase Brenes | 428.3 E242ca | 19012 | 08/02/2016 | Libro | ||||
| Departamento de Biblioteca y Documentación Alfonso Chase Brenes | Departamento de Biblioteca y Documentación Alfonso Chase Brenes | 428.3 E242ca | 19013 | 08/02/2016 | Libro | ||||
| Departamento de Biblioteca y Documentación Alfonso Chase Brenes | Departamento de Biblioteca y Documentación Alfonso Chase Brenes | 695 DC | 695ADC | Disco Compacto | Secretariado Ejecutivo | ||||
| Departamento de Biblioteca y Documentación Alfonso Chase Brenes | Departamento de Biblioteca y Documentación Alfonso Chase Brenes | 695 DC | 695BDC | 03/11/2016 | Disco Compacto | Secretariado Ejecutivo | |||
| Departamento de Biblioteca y Documentación Alfonso Chase Brenes | Departamento de Biblioteca y Documentación Alfonso Chase Brenes | 695 DC | 695CDC | 03/11/2016 | Disco Compacto | Secretariado Ejecutivo | |||
| Departamento de Biblioteca y Documentación Alfonso Chase Brenes | Departamento de Biblioteca y Documentación Alfonso Chase Brenes | 695 DC | 695DDC | 03/11/2016 | Disco Compacto | Secretariado Ejecutivo | |||
| Departamento de Biblioteca y Documentación Alfonso Chase Brenes | Departamento de Biblioteca y Documentación Alfonso Chase Brenes | 695 DC | 695EDC | 03/11/2016 | Disco Compacto | Secretariado Ejecutivo | |||
| Departamento de Biblioteca y Documentación Alfonso Chase Brenes | Departamento de Biblioteca y Documentación Alfonso Chase Brenes | 695 DC | 695FDC | Disco Compacto | Secretariado Ejecutivo |